Dead Cells All bosses - Statistics

General Stats
  • This quiz has been taken 30 times
  • The average score is 6 of 13
Answer Stats
Answer % Correct
Concierge
77%
Hand of the King
68%
Time Keeper
68%
Queen
59%
Dracula
55%
Mama Tick
55%
Scarecrow
55%
Giant
50%
Collector
41%
Death
36%
Conjunctivius
27%
Dracula Final Form
9%
Lighthouse
0%
No matching quizzes found
Score Distribution
Percent of People with Each Score
Percentile by Number Answered
Your Score History
You have not taken this quiz